La ocupacin̤ imposible historia y rǧimen jurd̕ico de los inmuebles mostrencos /

Detalles Bibliográficos
Autor principal: Lacruz Mantecn̤, Miguel L.
Formato: Libro
Lenguaje:español
Publicado: Madrid : Dykinson, 2011
Colección:Monografa̕s de derecho civil (Dykinson) Propiedad y derechos reales.
Materias:
Acceso en línea:Acceso restringido

MARC

LEADER 00000nam a2200000 i 4500
005 20111107135632.0
008 110622s2011 sp 000 0 spa d
020 |a 9788499821993 
035 |a 5924 
040 |a BUS  |d vLex 
090 |c 2746  |d 2746 
100 1 |a Lacruz Mantecn̤, Miguel L. 
245 1 3 |a La ocupacin̤ imposible   |h [Recurso electrn̤cio] :  |b historia y rǧimen jurd̕ico de los inmuebles mostrencos /  |c Miguel L. Lacruz Mantecn̤. 
256 |a Servicio en ln̕ea. 
260 |a Madrid :  |b Dykinson,  |c 2011  
300 |a 1 recurso electrn̤ico 
490 1 |a Monografa̕s de derecho civil. IV, Propiedad y derechos reales  
506 1 |a Contenido solo disponible en los productos indicados  |d vLex Global  |d vLex Global (Academic Edition, excluding Law Schools)  |d vLex Global (U.S. Academic Edition, Law Schools)  |d vLex Global (U.S. Academic Edition, excluding Law Schools)  |d vLex Global (Academic Edition, Law Schools) 
650 0 4 |a Propiedad inmobiliaria  |x Derecho  |z Espaą. 
740 0 |a vLex Libros (Servicio en ln̕ea) 
830 0 |a Monografa̕s de derecho civil (Dykinson)  |n IV.  |p Propiedad y derechos reales. 
856 4 0 |u http://vlex.com/source/ocupacion-imposible-5924  |z Acceso restringido 
942 |c BOOK